000 00867nam a2200301 4500
001 005351
003 DO-SdBNP
005 20220921122244.0
008 09081996 sp 000 0 spa d
020 _a9788430571444
040 _aBPMSU
_bspa
_cBPMSU
082 4 _a843.8
_bV531v 1996
_222
100 1 _aVerne, Julio
_d1828-1905.
245 1 3 _aLa vuelta al mundo en 80 días /
_cJulio Verne.
260 _aMadrid :
_bSusaeta,
_c1996
300 _a236 p.;
_c22 cm.
490 0 _aSaeta Junior
590 _6Inventariado, 2022/VM
650 4 _aNovela francesa.
650 4 _a Novela de aventuras
650 4 _aLiteratura infantil
910 _aVMateo V. /Validado
942 _2ddc
_cBK
945 _aInventariado, 2018/MFF
956 _aJPARRA
_b10
_c20090819
_lBND01
_h0852
956 _aBTAVAREZ
_b10
_c20120306
_lBND01
_h1528
956 _aVMATEO
_b10
_c20151207
_lBPMSU
_h00151
999 _c9023
_d9023